00863pam a2200241 a 450000100070000000500170000700700040002400800050002801000170003302000150005004000190006505000230008408200160010710000300012324500610015326000740021430000450028850400640033365000330039765000310043085600860046185600740054758231420170724113604.0000000  a 90043348  a0521343429 aUOELcDLCdDLC00aQC879.5b.B87 199000a551.6/32201 aBurroughs, William James.10aWatching the world's weather /cWilliam James Burroughs. aCambridge [England] ;aNew York :bCambridge University Press,c1990. axi, 196 p. :bill. (some col.) ;c26 cm. aIncludes bibliographical references (p. 190-192) and index. 0aAstronautics in meteorology. 0aMeteorological satellites.423Publisher descriptionuhttp://www.loc.gov/catdir/description/cam024/90043348.html413Table of contentsuhttp://www.loc.gov/catdir/toc/cam028/90043348.html